Synchronous, induction and special machines (Record no. 354)

MARC details
000 -LEADER
Fixed length control field 00434nam a22001697a 4500
003 - CONTROL NUMBER IDENTIFIER
Control field SEACOMMC
005 - DATE AND TIME OF LATEST TRANSACTION
Control field 20231109105831.0
008 - FIXED-LENGTH DATA ELEMENTS--GENERAL INFORMATION
Fixed length control field 231109b |||||||| |||| 00| 0 eng d
020 ## - INTERNATIONAL STANDARD BOOK NUMBER / ISBN
Price Rs. 130.00
040 ## - CATALOGING SOURCE
Original cataloging agency SEACOMMC
082 ## - DEWEY DECIMAL CLASSIFICATION NUMBER
Classification number 621.3133
Book Number HAR
100 1# - MAIN ENTRY--PERSONAL NAME
Personal name Haran, Sheila C.
245 1# - TITLE STATEMENT
Title Synchronous, induction and special machines
Statement of responsibility Sheila C. Haran
260 ## - IMPRINT
Place of publication Chennai
Name of publisher Scitech
Date of publication 2001
650 ## - SUBJECT ADDED ENTRY--TOPICAL TERM
Topical term Engineering
942 ## - ADDED ENTRY ELEMENTS (KOHA)
Koha item type Books
Holdings
Withdrawn status Lost status Source of classification Damaged status Not for loan Home library Current library Date acquired Total Checkouts Call number Accession number Date last seen Price effective from Koha item type
    Dewey Decimal Classification     SEACOM MANAGEMENT COLLEGE SEACOM MANAGEMENT COLLEGE 20/09/2006   621.3133 HAR 05561 09/11/2023 09/11/2023 Books
© Seacom Engineering College, All rights reserved.    Powered by Koha